| 000 | 01298cam a22003855a 4500 | ||
|---|---|---|---|
| 999 |
_c4684 _d4684 |
||
| 003 | EG-ScBUE | ||
| 005 | 20191223121649.0 | ||
| 008 | 101021r20052004enk f 000 0 eng d | ||
| 020 | _a9781859647745 (level 1) | ||
| 020 | _a185964774X (level 1) | ||
| 020 | _a1859647944 (level 3) | ||
| 020 | _a9781859647943 (level 3) | ||
| 020 | _a1859647847 (level 2) | ||
| 020 | _a9781859647844 (level 2) | ||
| 040 |
_aEG-ScBUE _beng _erda _cEG-ScBUE _dEG-ScBUE |
||
| 082 | 0 | 4 |
_a428.34 _bPHI _222 |
| 100 | 1 |
_aPhillips, Terry, _d1949- _eauthor. _920551 |
|
| 245 | 1 | 0 |
_aSkills in English, _pListening, _pTeacher's book / _cTerry Phillips, Anna Phillips. |
| 246 | 3 | 0 | _aListening |
| 246 | 3 | 0 | _aTeacher's book |
| 250 | _aSecond edition. | ||
| 250 | _aReprint edition. | ||
| 264 | 1 |
_aReading, UK : _bGarnet Education, _c2005. |
|
| 300 |
_a3 volumes : _billustrations ; _c25 cm |
||
| 336 |
_2rdacontent _atext _btxt |
||
| 337 |
_2rdamedia _aunmediated _bn |
||
| 338 |
_2rdacarrier _avolume _bnc |
||
| 505 | 0 | _aLevel 1 -- Level 2 -- Level 3. | |
| 590 | _aAbdullah Samir | ||
| 650 | 7 |
_aEnglish language _vTextbooks for foreign speakers. _2BUEsh _920552 |
|
| 653 |
_cJuly2019 _bHHUUEENN |
||
| 655 | _vReading book | ||
| 700 | 1 |
_aPhillips, Anna, _d1954- _eauthor. _920555 |
|
| 942 |
_cBB _k428.34 PHI _2ddc |
||